[Event "Liga CS Jug 2017"]
[Site "Vlasotince"]
[Date "2017.10.12"]
[Round "6.1"]
[White "CIHACEV, Bojan"]
[Black "STAMENKOVIC, Lazar   ***"]
[Result "0-1"]
[WhiteElo "2157"]
[BlackElo "1900"]
[PlyCount "104"]
[EventDate "2017.09.03"]

1. e4 e5 2. Nf3 Nc6 3. d4 exd4 4. Bc4 Nf6 5. O-O d6 6. Nxd4 Be7 7. Nc3 O-O 8.
f4 Nxe4 9. Nxc6 bxc6 10. Nxe4 d5 11. Bd3 dxe4 12. Bxe4 Qxd1 13. Rxd1 Bg4 14.
Re1 Bc5+ 15. Be3 Bxe3+ 16. Rxe3 Rab8 17. b3 Rb4 18. c4 Rb6 19. h3 Bc8 20. Rd1
a5 21. Red3 f5 22. Bf3 Be6 23. Re1 Kf7 24. Rde3 Re8 25. g4 Bd7 26. Rxe8 Bxe8
27. gxf5 Bd7 28. Re5 a4 29. Bd1 Kf6 30. Bc2 axb3 31. axb3 Ra6 32. Rc5 Ra1+ 33.
Kf2 Ra2 34. b4 Rxc2+ 35. Ke3 Rc3+ 36. Kd4 Rxh3 37. b5 h5 38. bxc6 Bxf5 39. Ra5
Rd3+ 40. Kc5 Rf3 41. Ra8 h4 42. Rf8+ Kg6 43. Rh8 h3 44. Kb5 Rb3+ 45. Kc5 Bg4
46. Kd5 Rd3+ 47. Ke5 Rd6 48. Rh4 Bf5 49. c5 Rxc6 50. Kd5 Rf6 51. Rh8 Bg4 52.
Rh4 Kf5 0-1

[Event "Liga CS Jug 2017"]
[Site "Vlasotince"]
[Date "2017.10.12"]
[Round "6.1"]
[White "MAJSTOROVIC, Dusan"]
[Black "STOJANOVIC, Zoran H"]
[Result "1/2-1/2"]
[WhiteElo "1980"]
[BlackElo "2150"]
[PlyCount "103"]
[EventDate "2017.09.03"]

1. e4 d5 2. exd5 Nf6 3. d4 Bg4 4. Nf3 Nxd5 5. Be2 e6 6. O-O Nc6 7. c4 Nb6 8.
Be3 Be7 9. Nbd2 O-O 10. Qb3 a5 11. a3 a4 12. Qd3 Bf5 13. Qc3 Bg6 14. Ne5 Nxe5
15. dxe5 Nd7 16. Rad1 c6 17. f4 Nc5 18. Nf3 Qc7 19. Bxc5 Bxc5+ 20. Kh1 Rfd8 21.
Rxd8+ Rxd8 22. Rd1 Rd7 23. h3 b6 24. Kh2 Qd8 25. Rxd7 Qxd7 26. Kg3 h6 27. Qc1
Kf8 28. Qd1 Qxd1 29. Bxd1 Be3 30. Bxa4 c5 31. b4 Bc1 32. bxc5 bxc5 33. Ne1 Bxa3
34. Kf2 Bc1 35. g3 Bd2 36. Ke2 Bc3 37. Nd3 Bd4 38. Bc6 Ke7 39. Nf2 Bc2 40. Nd3
g5 41. Kd2 Bb1 42. h4 f6 43. exf6+ Kxf6 44. fxg5+ hxg5 45. hxg5+ Kxg5 46. Bd7
e5 47. Be6 e4 48. Nf4 Kf6 49. Bd5 Bf2 50. Kc1 Bd3 51. Nxd3 exd3 52. Kd2 1/2-1/2

[Event "Liga CS Jug 2017"]
[Site "Vlasotince"]
[Date "2017.10.12"]
[Round "6.1"]
[White "MIHAJLOVIC, Aleksandar   ***"]
[Black "RANDJELOVIC, Nenad   *"]
[Result "0-1"]
[WhiteElo "1493"]
[BlackElo "1708"]
[PlyCount "96"]
[EventDate "2017.09.03"]

1. e4 d5 2. exd5 Qxd5 3. Nc3 Qd6 4. Bc4 Nf6 5. d3 a6 6. Nge2 b5 7. Bf4 Qb6 8.
Bd5 c6 9. Bf3 e6 10. O-O Nd5 11. Bg3 Be7 12. Nxd5 exd5 13. d4 O-O 14. c3 Nd7
15. Qc2 f5 16. Nf4 Nf6 17. Bh4 Bd6 18. Bxf6 Rxf6 19. Nxd5 cxd5 20. Bxd5+ Kh8
21. Bxa8 Qb8 22. Rfe1 Qxa8 23. Re8+ Rf8 24. Rxf8+ Bxf8 25. Qe2 Bb7 26. f3 Bd5
27. Qe5 Qd8 28. Qxf5 Bd6 29. Kf2 Qh4+ 30. Ke3 Bc4 31. h3 Bg3 32. Qc8+ Bg8 33.
Qg4 Bf2+ 34. Kd2 Qh6+ 35. Kc2 Qf6 36. f4 h6 37. Rf1 Bh7+ 38. Kd2 Bxd4 39. Qc8+
Bg8 40. cxd4 Qxd4+ 41. Ke2 Qxb2+ 42. Kf3 Qxa2 43. Rc1 b4 44. f5 Kh7 45. f6 Bd5+
46. Kf4 Qd2+ 47. Ke5 gxf6+ 48. Kxf6 Qg5# 0-1

[Event "Liga CS Jug 2017"]
[Site "Vlasotince"]
[Date "2017.10.12"]
[Round "6.1"]
[White "NISIC, Miroslav"]
[Black "RANDJELOVIC, Goran"]
[Result "1-0"]
[WhiteElo "2024"]
[BlackElo "1809"]
[PlyCount "119"]
[EventDate "2017.09.03"]

1. d4 Nf6 2. Nf3 g6 3. g3 Bg7 4. Bg2 d6 5. O-O O-O 6. c4 c6 7. Nc3 Re8 8. e4
Qc7 9. Re1 e5 10. d5 Na6 11. a3 Bd7 12. Bd2 Rac8 13. Rc1 Nc5 14. Bg5 Bg4 15. b4
Ncd7 16. h3 Bxf3 17. Bxf3 a6 18. Qe2 c5 19. b5 Nb6 20. h4 Nfd7 21. Bg4 Ra8 22.
a4 Nf8 23. a5 Nbd7 24. b6 Qc8 25. Qd2 f6 26. Bh6 Qd8 27. Kg2 Qe7 28. Be3 Qf7
29. Qd3 Qe7 30. f3 Rad8 31. Bd2 h5 32. Bh3 Nh7 33. Be6+ Kh8 34. Rh1 Ndf8 35.
Bh3 Qf7 36. Ne2 Nd7 37. g4 Rg8 38. gxh5 Ndf8 39. h6 g5 40. hxg7+ Rxg7 41. hxg5
Ng6 42. Be6 Qe7 43. Ng3 fxg5 44. Nf5 Nh4+ 45. Kf2 Nxf5 46. Bxf5 Rf8 47. Rcg1
Rxf5 48. exf5 Qf6 49. Qe4 Kg8 50. Qg4 Qe7 51. Rxh7 Rxh7 52. Qxg5+ Qxg5 53.
Rxg5+ Kf7 54. Rg6 Rh4 55. Rxd6 Rxc4 56. Rd7+ Kf6 57. Rxb7 Rc2 58. Ke3 c4 59.
Rc7 Kxf5 60. Rc6 1-0

[Event "Liga CS Jug 2017"]
[Site "Vlasotince"]
[Date "2017.10.12"]
[Round "6.1"]
[White "PETROVIC, Dragan R"]
[Black "RANKOVIC, Srdjan"]
[Result "1-0"]
[WhiteElo "2262"]
[BlackElo "2238"]
[PlyCount "123"]
[EventDate "2017.09.03"]

1. Nf3 d5 2. c4 e6 3. e3 c6 4. b3 Nf6 5. Bb2 Be7 6. Be2 O-O 7. O-O Nbd7 8. d3
a5 9. a3 b6 10. Nbd2 c5 11. cxd5 Nxd5 12. d4 Bb7 13. Rc1 Rc8 14. Bb5 Nc7 15.
Bd3 cxd4 16. Nxd4 Nc5 17. Bb1 Nd5 18. Qg4 Nf6 19. Qh3 Ncd7 20. Rxc8 Qxc8 21.
Rc1 Qb8 22. N2f3 Rc8 23. Rxc8+ Qxc8 24. Ng5 Nf8 25. Qg3 Qd8 26. h4 h6 27. Ngf3
Bd6 28. Qh3 Bb8 29. Bc2 h5 30. Ng5 Qd5 31. e4 Qc5 32. Qc3 Be5 33. Qxc5 bxc5 34.
Nc6 Bxb2 35. Ne7+ Kh8 36. Nxf7+ Kh7 37. Ng5+ Kh8 38. Nf7+ Kh7 39. Ng5+ Kh8 40.
e5 g6 41. exf6 Bxf6 42. Nxg6+ Nxg6 43. Bxg6 Bd5 44. Bc2 Kg7 45. Kh2 Bb2 46. a4
Kf6 47. Ne4+ Bxe4 48. Bxe4 Be5+ 49. Kh3 Kg7 50. f3 Bc3 51. Bd3 Be1 52. Bb5 Kh6
53. Be8 e5 54. g4 hxg4+ 55. fxg4 e4 56. g5+ Kg7 57. Kg4 Bd2 58. Bb5 Kh7 59. h5
Kg7 60. h6+ Kh8 61. Kh5 Bc1 62. g6 1-0

[Event "Liga CS Jug 2017"]
[Site "Vlasotince"]
[Date "2017.10.12"]
[Round "6.1"]
[White "RANDJELOVIC, Ivica"]
[Black "STEFANOVIC, Dejan"]
[Result "0-1"]
[WhiteElo "1875"]
[BlackElo "2018"]
[PlyCount "68"]
[EventDate "2017.09.03"]

1. e4 c6 2. d4 d5 3. e5 Bf5 4. Nf3 e6 5. Be2 Nd7 6. O-O c5 7. c4 dxc4 8. Na3 a6
9. Nxc4 b5 10. Ne3 Be4 11. Re1 Ne7 12. a4 Bc6 13. Qc2 bxa4 14. Nc4 Nd5 15. Bg5
Qc7 16. Rac1 Bb5 17. Nd6+ Bxd6 18. exd6 Qxd6 19. dxc5 Qc7 20. c6 N7f6 21. Bxb5
axb5 22. Qc5 Qb6 23. Qd6 Qc7 24. Qc5 Qb6 25. Qc2 O-O 26. Ne5 Rac8 27. Be3 Nxe3
28. Rxe3 Rc7 29. Rh3 Rfc8 30. Qd3 b4 31. Rh4 Qa5 32. Qd2 Qxe5 33. Rxb4 Qa5 34.
h3 Nd5 0-1

[Event "Liga CS Jug 2017"]
[Site "Vlasotince"]
[Date "2017.10.12"]
[Round "6.1"]
[White "RANDJELOVIC, Ilija   *"]
[Black "STOJANOVIC, Filip   ***"]
[Result "1-0"]
[WhiteElo "1793"]
[BlackElo "1468"]
[PlyCount "77"]
[EventDate "2017.09.03"]

1. e4 e5 2. Nf3 Nc6 3. Bc4 Bc5 4. c3 Nf6 5. d3 h6 6. Bb3 d6 7. h3 Be6 8. Bc2
O-O 9. Nbd2 a6 10. Nf1 Re8 11. g4 Nh7 12. Ng3 f6 13. Nh4 Bf7 14. Nhf5 Ng5 15.
h4 Ne6 16. Qf3 Kf8 17. Be3 Bxe3 18. fxe3 Ne7 19. O-O-O b5 20. Rdf1 Ng8 21. g5
fxg5 22. Nxd6 Nf6 23. Nxe8 Qxe8 24. Bb3 a5 25. d4 exd4 26. e5 Ra6 27. exf6 gxf6
28. exd4 a4 29. Bc2 Nd8 30. hxg5 fxg5 31. Nf5 Rf6 32. Rxh6 Rxh6 33. Nxh6 c6 34.
Nxf7 Nxf7 35. Bg6 g4 36. Qxf7+ Qxf7 37. Rxf7+ Kg8 38. Rc7 g3 39. Be4 1-0

[Event "Liga CS Jug 2017"]
[Site "Vlasotince"]
[Date "2017.10.12"]
[Round "6.1"]
[White "RISTIC, Milan"]
[Black "OBRENOVIC, Mihailo"]
[Result "1-0"]
[WhiteElo "2221"]
[BlackElo "2045"]
[PlyCount "104"]
[EventDate "2017.09.03"]

1. d4 c6 2. Nf3 Nf6 3. Bf4 d5 4. e3 Bg4 5. Be2 e6 6. O-O Bd6 7. Bg3 O-O 8. Nbd2
Bxg3 9. hxg3 Nbd7 10. c4 Re8 11. b4 a5 12. b5 cxb5 13. cxd5 Nxd5 14. Bxb5 Qe7
15. Qb3 Bxf3 16. Nxf3 Rec8 17. Rfc1 N7f6 18. a3 Rc7 19. Rxc7 Qxc7 20. Bc4 a4
21. Qd3 Rc8 22. Ne5 Nd7 23. Nxd7 Qxc4 24. Qxc4 Rxc4 25. Rb1 Rc7 26. Nc5 Nc3 27.
Rb4 b5 28. Kf1 Rc6 29. Ke1 f5 30. Kd2 Ne4+ 31. Nxe4 fxe4 32. Rxb5 Kf7 33. Ra5
Rb6 34. Kc2 Rc6+ 35. Rc5 Rb6 36. Rc4 Ra6 37. f3 exf3 38. gxf3 g5 39. g4 Kg6 40.
Kd3 h5 41. gxh5+ Kxh5 42. Ke4 Kh4 43. Rc5 g4 44. fxg4 Kxg4 45. Ke5 Rb6 46. Ke4
Rb3 47. Rc6 Kg3 48. Rxe6 Kf2 49. Kd5 Rxa3 50. e4 Rd3 51. Ra6 a3 52. e5 (52. Ra4
Ke3 53. e5 a2 54. Rxa2 Rxd4+ 55. Ke6 Rb4 56. Kf6 Rf4+ 57. Ke7 Re4 58. e6 Kf4
59. Ra5 Rb4 60. Kf7) 52... Ke3 1-0

[Event "Liga CS Jug 2017"]
[Site "Vlasotince"]
[Date "2017.10.12"]
[Round "6.2"]
[White "BLAGOJEVIC, Nebojsa"]
[Black "NIKOLIC, Zoran S"]
[Result "1/2-1/2"]
[WhiteElo "2181"]
[BlackElo "2151"]
[PlyCount "48"]
[EventDate "2017.09.03"]

1. e4 e5 2. Nf3 Nc6 3. Bc4 Bc5 4. d3 Nf6 5. Bg5 d6 6. h3 O-O 7. c3 Bb6 8. Nbd2
Be6 9. Bb3 h6 10. Be3 d5 11. Bxb6 axb6 12. O-O dxe4 13. dxe4 Bxb3 14. axb3 Rxa1
15. Qxa1 Qd3 16. Qb1 Qb5 17. Qc2 Qc5 18. Nc4 Rd8 19. Ne3 Qe7 20. Rd1 Rxd1+ 21.
Nxd1 Qe6 22. Ne3 Ne7 23. Qd3 Qd7 24. Qxd7 Nxd7 1/2-1/2

[Event "Liga CS Jug 2017"]
[Site "Vlasotince"]
[Date "2017.10.12"]
[Round "6.2"]
[White "DJOKOVIC, Nenad"]
[Black "BATANJAC, Aleksandar"]
[Result "1/2-1/2"]
[WhiteElo "1985"]
[BlackElo "2072"]
[PlyCount "133"]
[EventDate "2017.09.03"]

1. d4 e6 2. c4 Bb4+ 3. Nc3 Nf6 4. Nf3 c5 5. a3 Bxc3+ 6. bxc3 Qa5 7. Bd2 Ne4 8.
Qc2 f5 9. e3 Nc6 10. d5 Ne7 11. dxe6 dxe6 12. Bd3 Nxd2 13. Qxd2 Bd7 14. Ne5 Bc6
15. f4 Rd8 16. Nxc6 Nxc6 17. Qc2 O-O 18. O-O g6 19. e4 Rd7 20. e5 g5 21. g3
gxf4 22. gxf4 Rg7+ 23. Kh1 Ne7 24. Be2 Ng6 25. Bh5 Rd8 26. Bxg6 Rxg6 27. Rad1
Qc7 28. Rxd8+ Qxd8 29. Qd1 Qb6 30. Qd7 h6 31. Rd1 Rg7 32. Qe8+ Kh7 33. Qb5 Qc7
34. Rd6 Qe7 35. Qxc5 b6 36. Qc6 Qh4 37. Rd1 Qxf4 38. Re1 Qg4 39. a4 h5 40. Rf1
h4 41. Qf3 Qxf3+ 42. Rxf3 Rg4 43. Rd3 Re4 44. Rd7+ Kg6 45. Rxa7 Rxc4 46. Re7
Rc6 47. Kg2 f4 48. Kf3 Kf5 49. Rf7+ Kxe5 50. Rxf4 Rxc3+ 51. Kg4 Rc2 52. Rb4
Rxh2 53. Rxb6 h3 54. Rb5+ Kd4 55. a5 Ra2 56. Kxh3 e5 57. Kg3 e4 58. Kf4 Rf2+
59. Kg3 Rf3+ 60. Kg2 Ra3 61. Kf2 Ra2+ 62. Ke1 Ke3 63. Rb3+ Kf4 64. Rb5 Kf3 65.
Rf5+ Ke3 66. Kd1 Ra1+ 67. Kc2 1/2-1/2

[Event "Liga CS Jug 2017"]
[Site "Vlasotince"]
[Date "2017.10.12"]
[Round "6.2"]
[White "KOSTIC, Milos   *"]
[Black "MINIC, Ivan"]
[Result "1/2-1/2"]
[WhiteElo "1657"]
[BlackElo "2112"]
[PlyCount "47"]
[EventDate "2017.09.03"]

1. d4 d5 2. Nf3 Nf6 3. c4 e6 4. Nc3 Be7 5. Bg5 O-O 6. e3 b6 7. Bd3 Bb7 8. O-O
Nbd7 9. Rc1 dxc4 10. Bxc4 c5 11. Qe2 Nd5 12. Bxe7 Qxe7 13. Nxd5 exd5 14. Ba6
Bc6 15. dxc5 bxc5 16. b4 c4 17. b5 Nc5 18. bxc6 Nxa6 19. Rfd1 Qc5 20. Ne5 Rfe8
21. Qh5 g6 22. Qg5 Re6 23. Nd7 Qxc6 24. Qxd5 1/2-1/2

[Event "Liga CS Jug 2017"]
[Site "Vlasotince"]
[Date "2017.10.12"]
[Round "6.2"]
[White "MARINKOVIC, Vojkan"]
[Black "MITROVIC, Mikica"]
[Result "1/2-1/2"]
[WhiteElo "2031"]
[BlackElo "1963"]
[PlyCount "137"]
[EventDate "2017.09.03"]

1. e4 d6 2. d4 Nf6 3. Nc3 g6 4. Be2 Bg7 5. Be3 c6 6. Qd2 b5 7. a3 Nbd7 8. Bh6
Bxh6 9. Qxh6 a6 10. Rd1 Qc7 11. Nh3 Bb7 12. Ng5 Rg8 13. Nxh7 O-O-O 14. Nxf6
Nxf6 15. Qe3 Kb8 16. f4 Bc8 17. h3 Rh8 18. Rf1 Qa5 19. Bf3 Qb6 20. Kf2 Rh4 21.
e5 Ne8 22. Ne4 Ng7 23. Ng3 Ne6 24. Bg4 Nc7 25. Bxc8 Nd5 26. Qd2 Rxf4+ 27. Kg1
Rxf1+ 28. Kxf1 Kxc8 29. exd6 Rxd6 30. Ne4 Re6 31. Re1 Qc7 32. Nf2 Rxe1+ 33.
Qxe1 Qg3 34. Ng4 Qf4+ 35. Kg1 Qxd4+ 36. Kh1 e6 37. Ne5 Qxb2 38. Nxf7 Qf6 39.
Ne5 Kb7 40. Nd7 Qe7 41. Qxe6 Qxe6 42. Nc5+ Kb6 43. Nxe6 Ne3 44. Nf4 g5 45. Ne6
g4 46. h4 Nf5 47. g3 Nxg3+ 48. Kg2 Nf5 49. h5 c5 50. c3 a5 51. Nf4 Kc6 52. h6
Nxh6 53. Kg3 b4 54. cxb4 cxb4 55. axb4 axb4 56. Kf2 Kb5 57. Ke1 Kc4 58. Kd2 b3
59. Kc1 Nf5 60. Kb2 g3 61. Ng2 Kb4 62. Kb1 Kc3 63. Nf4 b2 64. Ne2+ Kb3 65. Nxg3
Nd6 66. Ne4 Nb5 67. Nc5+ Ka3 68. Ne4 Kb3 69. Nd2+ 1/2-1/2

[Event "Liga CS Jug 2017"]
[Site "Vlasotince"]
[Date "2017.10.12"]
[Round "6.2"]
[White "MILOVANOVIC, Srboljub"]
[Black "DJORIC, Hadzi Goran"]
[Result "1/2-1/2"]
[WhiteElo "2044"]
[BlackElo "2080"]
[PlyCount "49"]
[EventDate "2017.09.03"]

1. d4 Nf6 2. c4 g6 3. Nc3 Bg7 4. e4 d6 5. f3 e5 6. d5 Nh5 7. Nge2 f5 8. exf5
gxf5 9. Be3 Qh4+ 10. g3 Qe7 11. Qd2 O-O 12. O-O-O a5 13. h3 Nf6 14. Bg5 Na6 15.
g4 f4 16. Ne4 Qf7 17. N2c3 Nxe4 18. Nxe4 b6 19. Bd3 Bd7 20. Bh4 Nc5 21. Bb1
Nxe4 22. Bxe4 Rfb8 23. Qc2 Bf8 24. Bf2 b5 25. c5 1/2-1/2

[Event "Liga CS Jug 2017"]
[Site "Vlasotince"]
[Date "2017.10.12"]
[Round "6.2"]
[White "MILUTINOVIC, Lazar   ***"]
[Black "KNEZEVIC, Milija"]
[Result "1/2-1/2"]
[WhiteElo "1782"]
[BlackElo "1696"]
[PlyCount "113"]
[EventDate "2017.09.03"]

1. c4 e5 2. Nc3 Bc5 3. Nf3 d6 4. g3 h6 5. Bg2 Nf6 6. d3 a6 7. O-O O-O 8. a3 Nc6
9. b4 Ba7 10. e3 Bg4 11. Qc2 Qc8 12. Re1 Bh3 13. Bh1 Bf5 14. Nd5 Nxd5 15. cxd5
Ne7 16. e4 Bd7 17. Be3 Bxe3 18. fxe3 f5 19. Rac1 c6 20. Qb3 Kh8 21. a4 Qe8 22.
Nd2 cxd5 23. exd5 Bxa4 24. Qa3 Bb5 25. Rc7 b6 26. Nc4 Bxc4 27. dxc4 Qd8 28. Rb7
a5 29. bxa5 Rxa5 30. Qb4 Nc8 31. Rb1 Ra8 32. Bg2 Qg5 33. Qc3 Qg4 34. Rc7 Ra2
35. Re1 Re2 36. h3 Rxe1+ 37. Qxe1 Qg5 38. h4 Qd8 39. Rb7 h5 40. Qe2 g6 41. Bf3
Qe8 42. e4 Rf7 43. Rb8 Qd7 44. exf5 Rxf5 45. Be4 Rf6 46. Qe3 Kg7 47. Qa3 Qc7
48. Qa8 Qc5+ 49. Kh2 Qf2+ 50. Kh3 Qf1+ 51. Bg2 Qf5+ 52. Kh2 Rf8 53. Rb7+ Rf7
54. Rxf7+ Kxf7 55. Bh3 Qf2+ 56. Kh1 Qe1+ 57. Kh2 1/2-1/2

[Event "Liga CS Jug 2017"]
[Site "Vlasotince"]
[Date "2017.10.12"]
[Round "6.2"]
[White "STOJANOVIC, Zlatko"]
[Black "MITROVIC, Marjan"]
[Result "0-1"]
[WhiteElo "2191"]
[BlackElo "2114"]
[PlyCount "82"]
[EventDate "2017.09.03"]

1. e4 c5 2. Nf3 d6 3. d4 cxd4 4. Nxd4 Nf6 5. Nc3 g6 6. Be3 Bg7 7. f3 a6 8. Qd2
b5 9. a4 b4 10. Na2 a5 11. Bb5+ Bd7 12. c3 bxc3 13. Nxc3 O-O 14. O-O Bxb5 15.
axb5 Nfd7 16. Ra3 Nb6 17. b3 d5 18. exd5 Nxd5 19. Nc6 Bxc3 20. Qxd5 Nxc6 21.
Qxc6 Bb4 22. Raa1 Qd3 23. Qe4 Qxb5 24. Rac1 Rac8 25. Bd4 Rfd8 26. Rxc8 Rxc8 27.
Qe5 Qxe5 28. Bxe5 Rc2 29. Bd4 f6 30. Rd1 Kf7 31. f4 h5 32. Bb6 Rc6 33. Bf2 Rc3
34. Rb1 Rd3 35. Bb6 Ke6 36. Ra1 Rd6 37. Bf2 Kf5 38. g3 h4 39. gxh4 Kg4 40. Rc1
Rd3 41. Bc5 Rxb3 0-1

[Event "Liga CS Jug 2017"]
[Site "Vlasotince"]
[Date "2017.10.12"]
[Round "6.3"]
[White "ARITONOVIC, Nenad"]
[Black "PERUNOVIC, Ljubivoje"]
[Result "0-1"]
[WhiteElo "1651"]
[BlackElo "1841"]
[PlyCount "99"]
[EventDate "2017.09.03"]

1. f4 g6 2. Nf3 Bg7 3. e3 Nf6 4. a3 O-O 5. Bc4 d5 6. Bd3 c5 7. c3 Nc6 8. b3 Qc7
9. Bb2 e5 10. fxe5 Ng4 11. a4 Ngxe5 12. Be2 Bf5 13. Na3 a6 14. Nc2 Nd3+ 15.
Bxd3 Bxd3 16. Kf2 c4 17. b4 Ne5 18. Nce1 Be4 19. Nxe5 Qxe5 20. Nf3 Qh5 21. b5
f5 22. Ba3 f4 23. Bxf8 fxe3+ 24. dxe3 Rxf8 25. Rg1 Qxh2 26. Rh1 Qe5 27. Rc1 Qf6
28. Kg1 g5 29. Qe1 Bxf3 30. gxf3 Qxf3 31. Rh2 Re8 32. Qf2 Rxe3 33. Qxf3 Rxf3
34. Rd2 d4 35. cxd4 c3 36. Rdd1 Rf4 37. d5 Kf7 38. d6 Bd4+ 39. Kg2 Ke6 40. d7
Kxd7 41. Rxc3 Kd6 42. bxa6 bxa6 43. Rc8 Ke5 44. Re8+ Kd5 45. Ra8 Ke4 46. Rxa6
Kf5 47. Ra8 Kg4 48. Rd2 h5 49. Rd8 Bb6 50. R8d6 0-1

[Event "Liga CS Jug 2017"]
[Site "Vlasotince"]
[Date "2017.10.12"]
[Round "6.3"]
[White "LUKIC, Igor M"]
[Black "ADEMI, Sead"]
[Result "0-1"]
[WhiteElo "2056"]
[BlackElo "2169"]
[PlyCount "38"]
[EventDate "2017.09.03"]

1. d4 Nf6 2. Nc3 d5 3. Bg5 Bf5 4. Nf3 c6 5. e3 e6 6. Bd3 Bg4 7. h3 Bh5 8. g4
Bg6 9. Ne5 Bxd3 10. Qxd3 Be7 11. f4 Bb4 12. O-O Be7 13. f5 exf5 14. Rxf5 O-O
15. Raf1 Nbd7 16. Bxf6 Bxf6 17. Ne2 Bxe5 18. dxe5 Qe7 19. Qd4 Rae8 0-1

[Event "Liga CS Jug 2017"]
[Site "Vlasotince"]
[Date "2017.10.12"]
[Round "6.3"]
[White "MITROVIC, Darko R"]
[Black "KOSTIC, Nenad"]
[Result "1-0"]
[WhiteElo "2189"]
[BlackElo "2133"]
[PlyCount "61"]
[EventDate "2017.09.03"]

1. e4 d5 2. exd5 Nf6 3. d4 Nxd5 4. Nf3 e6 5. Be2 c5 6. O-O cxd4 7. Nxd4 Be7 8.
c4 Nf6 9. Be3 a6 10. Nc3 Qc7 11. a3 O-O 12. b4 Rd8 13. Qb3 Nbd7 14. Rac1 Nf8
15. Na4 e5 16. Nf3 N6d7 17. c5 Rb8 18. Bc4 e4 19. Bxf7+ Kh8 20. Ng5 Ne5 21. Bd5
Bxg5 22. Bxg5 Ng4 23. g3 Re8 24. Bf4 Ne5 25. Bxe4 Ne6 26. Bxe5 Qxe5 27. Qd5
Nxc5 28. Qxe5 Rxe5 29. Nxc5 b6 30. Rfd1 Bg4 31. Nxa6 1-0

[Event "Liga CS Jug 2017"]
[Site "Vlasotince"]
[Date "2017.10.12"]
[Round "6.3"]
[White "RANCIC, Djordje"]
[Black "CVETKOVIC, Darko   *"]
[Result "1-0"]
[WhiteElo "1886"]
[BlackElo "1676"]
[PlyCount "56"]
[EventDate "2017.09.03"]

1. d4 d5 2. Nf3 Bg4 3. Ne5 Bf5 4. c4 e6 5. Nc3 f6 6. Nf3 a6 7. cxd5 exd5 8. Qb3
b6 9. Qxd5 Qxd5 10. Nxd5 Bd6 11. Bf4 Bxf4 12. Nxf4 Ne7 13. e3 Nbc6 14. Rc1 Ra7
15. a3 Kd7 16. Bc4 Na5 17. Ba2 c6 18. O-O g5 19. Nh5 Rc8 20. Rfd1 Nb7 21. Rd2
Nd6 22. Ng3 Bg6 23. Ne5+ Kc7 24. Nxc6 Nxc6 25. Bd5 Be8 26. Bxc6 Bxc6 27. d5 b5
28. Rxc6+ Kd7 1-0

[Event "Liga CS Jug 2017"]
[Site "Vlasotince"]
[Date "2017.10.12"]
[Round "6.3"]
[White "TERZIC, Miomir"]
[Black "VULICEVIC, Bratimir"]
[Result "1/2-1/2"]
[WhiteElo "2199"]
[BlackElo "2131"]
[PlyCount "37"]
[EventDate "2017.09.03"]

1. d4 d5 2. Bg5 c6 3. c4 Nd7 4. e3 Qb6 5. Qb3 e6 6. Nd2 Ngf6 7. Be2 Be7 8. f4
O-O 9. Ngf3 Re8 10. Ne5 Qd8 11. O-O Nf8 12. Rae1 N6d7 13. Bxe7 Rxe7 14. Bd3 c5
15. Qd1 Qc7 16. Nxd7 Bxd7 17. Qh5 Be8 18. Qd1 Qb6 19. Qb1 1/2-1/2

[Event "Liga CS Jug 2017"]
[Site "Vlasotince"]
[Date "2017.10.12"]
[Round "6.4"]
[White "BULATOVIC, Nikola   *"]
[Black "STANKOVIC, Dimitrije   ***"]
[Result "0-1"]
[WhiteElo "2061"]
[BlackElo "1904"]
[PlyCount "92"]
[EventDate "2017.09.03"]

1. e4 e5 2. Nf3 Nc6 3. Bc4 Bc5 4. Nc3 Nf6 5. d3 d6 6. h3 h6 7. Be3 Bb6 8. Qd2
Be6 9. O-O-O Bxc4 10. dxc4 Ba5 11. Qd3 Bxc3 12. bxc3 Qd7 13. Kb1 Na5 14. Ka1
Qa4 15. Nd2 Nd7 16. Rb1 Rd8 17. Rb4 Qc6 18. Qd5 Qxd5 19. cxd5 b6 20. Ra4 Ra8
21. Nb3 Nb7 22. Rc4 Kd8 23. Nc1 a5 24. a4 Ndc5 25. Nd3 Kd7 26. Kb1 Rhg8 27. Kc1
f6 28. Kd2 Nd8 29. f3 Nf7 30. Rb1 g5 31. Ke2 h5 32. g4 Rh8 33. Rh1 Rh7 34. Kf2
Nh8 35. Kg2 Ng6 36. Nf2 Ne7 37. Kg3 Rf8 38. Nd3 Nc8 39. gxh5 Rxh5 40. Bxc5 bxc5
41. Nxc5+ dxc5 42. Rxc5 Nb6 43. Rxa5 Rh4 44. c4 Nxc4 45. Rc5 Nd6 46. a5 Rxe4
0-1

[Event "Liga CS Jug 2017"]
[Site "Vlasotince"]
[Date "2017.10.12"]
[Round "6.4"]
[White "JOVANOVIC, Dragan"]
[Black "SPASIC, Petar   ***"]
[Result "1/2-1/2"]
[WhiteElo "2071"]
[BlackElo "1964"]
[PlyCount "72"]
[EventDate "2017.09.03"]

1. d4 Nf6 2. c4 e6 3. Nc3 d5 4. e3 c5 5. dxc5 Bxc5 6. Nf3 Nc6 7. Be2 O-O 8. O-O
a6 9. a3 dxc4 10. Bxc4 b5 11. Be2 Qe7 12. b4 Bb6 13. Qc2 Bb7 14. Bb2 Rfd8 15.
Rfd1 e5 16. Rxd8+ Rxd8 17. Rd1 e4 18. Rxd8+ Nxd8 19. Nd2 Qc7 20. Qb1 Qc6 21.
Nb3 Ne6 22. Qd1 Nd5 23. Qc1 f5 24. Nxd5 Qxc1+ 25. Nxc1 Bxd5 26. g3 Kf7 27. Kf1
Bc7 28. Ke1 g5 29. Bh5+ Ke7 30. Bd1 f4 31. Bb3 Bc6 32. Ne2 fxe3 33. fxe3 h5 34.
Nd4 Nxd4 35. Bxd4 a5 36. Kf2 a4 1/2-1/2

[Event "Liga CS Jug 2017"]
[Site "Vlasotince"]
[Date "2017.10.12"]
[Round "6.4"]
[White "RISTIC, Nebojsa B"]
[Black "ZIVKOVIC, Rajko"]
[Result "1/2-1/2"]
[WhiteElo "2308"]
[BlackElo "2130"]
[PlyCount "59"]
[EventDate "2017.09.03"]

1. d4 Nf6 2. Bf4 g6 3. e3 Bg7 4. Nf3 O-O 5. h3 c5 6. c3 b6 7. Nbd2 Bb7 8. Be2
d6 9. O-O Nbd7 10. Bh2 Qc7 11. a4 a6 12. Qb3 Ne4 13. Nxe4 Bxe4 14. Nd2 Bb7 15.
Bf3 Bxf3 16. Nxf3 Nf6 17. Rfd1 Rfb8 18. Qc2 b5 19. axb5 axb5 20. Rxa8 Rxa8 21.
d5 Ra2 22. e4 Nd7 23. Bf4 Qa5 24. Qc1 b4 25. Bd2 b3 26. Kh2 Nb6 27. Bh6 Nc4 28.
Qg5 f6 29. Qg4 Rxb2 30. Qc8+ 1/2-1/2

[Event "Liga CS Jug 2017"]
[Site "Vlasotince"]
[Date "2017.10.12"]
[Round "6.4"]
[White "SAVIC, Goran Lj"]
[Black "DIMITRIJEVIC, Zoran"]
[Result "0-1"]
[WhiteElo "2109"]
[BlackElo "2075"]
[PlyCount "104"]
[EventDate "2017.09.03"]

1. e4 c6 2. d4 d5 3. e5 Bf5 4. Bd3 Bxd3 5. Qxd3 e6 6. c3 c5 7. Nf3 Nc6 8. a3
Qb6 9. b4 c4 10. Qc2 a5 11. Bb2 axb4 12. axb4 Rxa1 13. Bxa1 Qa6 14. Qb2 b5 15.
O-O Nge7 16. Nbd2 Nc8 17. Ne1 Be7 18. f4 g6 19. Ndf3 Nb6 20. g3 h6 21. Ng2 Kd7
22. Qb1 Ra8 23. g4 Qa2 24. Qe1 Ra3 25. f5 gxf5 26. gxf5 Qc2 27. fxe6+ fxe6 28.
Qc1 Qxc1 29. Rxc1 Nxb4 30. Nge1 Nd3 31. Rb1 Nxe1 32. Nxe1 Na4 33. Rc1 Bg5 34.
Rb1 Ra2 35. Ng2 Kc6 36. h4 Bd2 37. Rf1 Nxc3 38. Bxc3 Bxc3 39. Rf4 Rd2 40. Rf6
Bxd4+ 41. Kf1 c3 42. Ne1 c2 43. Nxc2 Rxc2 44. Rxe6+ Kc5 45. Re8 Rf2+ 46. Ke1
Rf5 47. e6 Kd6 48. Rb8 b4 49. Kd1 Kxe6 50. Rxb4 Ke5 51. Rb8 Bf2 52. Rh8 h5 0-1

[Event "Liga CS Jug 2017"]
[Site "Vlasotince"]
[Date "2017.10.12"]
[Round "6.4"]
[White "TRICKOVIC, Vladimir"]
[Black "DJORDJEVIC, Miroslav"]
[Result "1/2-1/2"]
[WhiteElo "2057"]
[BlackElo "1976"]
[PlyCount "31"]
[EventDate "2017.09.03"]

1. d4 d5 2. Nf3 Nf6 3. Bg5 e6 4. e3 Be7 5. Bd3 Nbd7 6. Nbd2 c5 7. c3 b6 8. Bb5
a6 9. Bc6 Ra7 10. Bf4 O-O 11. Ba4 b5 12. Bc2 a5 13. b3 Ba6 14. Bd3 Qb6 15. O-O
Rc8 16. a3 1/2-1/2

[Event "Liga CS Jug 2017"]
[Site "Vlasotince"]
[Date "2017.10.12"]
[Round "6.4"]
[White "VUKASINOVIC, Sasa"]
[Black "RILAK, Slavoljub"]
[Result "1-0"]
[WhiteElo "2026"]
[BlackElo "2004"]
[PlyCount "52"]
[EventDate "2017.09.03"]

1. e4 c5 2. Nf3 d6 3. d4 cxd4 4. Nxd4 Nf6 5. Nc3 a6 6. Be2 e5 7. Nb3 b5 8. Bg5
Be7 9. Bxf6 Bxf6 10. a4 b4 11. Nd5 a5 12. Bb5+ Bd7 13. Nxf6+ Qxf6 14. Qd5 Ra7
15. Nxa5 O-O 16. Bxd7 Nxd7 17. Nc6 Rc7 18. a5 Rfc8 19. Nxb4 Rc4 20. c3 Qg6 21.
O-O Rxe4 22. Qb7 Rd8 23. Nd5 Qg5 24. Ne7+ Qxe7 25. Qxe4 Nf6 26. Qc6 d5 1-0

[Event "Liga CS Jug 2017"]
[Site "Vlasotince"]
[Date "2017.10.12"]
[Round "6.5"]
[White "JOVANOVIC, Boban"]
[Black "SAVIC, Miodrag"]
[Result "1/2-1/2"]
[WhiteElo "2145"]
[BlackElo "2194"]
[PlyCount "47"]
[EventDate "2017.09.03"]

1. Nf3 d5 2. d4 Nf6 3. c4 e6 4. Bg5 Be7 5. Nc3 h6 6. Bxf6 Bxf6 7. e3 O-O 8. Rc1
b6 9. cxd5 exd5 10. Be2 Bb7 11. O-O Nd7 12. b4 c6 13. a4 a5 14. b5 c5 15. dxc5
Nxc5 16. Nd4 Bxd4 17. exd4 Ne6 18. Qd2 Qf6 19. Rfd1 Rfd8 20. Qe3 Rac8 21. Na2
Rxc1 22. Nxc1 Rc8 23. Nb3 Rc1 24. Rxc1 {....42mov} 1/2-1/2